000 00500nam a22001937a 4500
003 MPLRDC
005 20220104144547.0
008 210129b ||||| |||| 00| 0 eng d
020 _a7-81029-614-0
082 _a782.886 ZEL-22
100 _a吕志范英
245 _a周恩来的人格风范
_c
250 _a初版
260 _a
_b暨南大学出版社
_c1997
300 _b
490 _a中国精神文明学大型丛书. 9
650 _a周恩来传记
942 _cBK
_o782.886 ZEL-22
999 _c50791
_d50781